Library of the University of Algiers 3
Ibrahim Sultan Cheibout
شعار جامعة الجزائر 3
مكتبة جامعة الجزائر 3
إبراهيم سلطان شيبوط

الإدارة العامة الحديثة / (رقم التسجيلة. 43690)

تفاصيل مارك
000 -LEADER
fixed length control field 01275nam a2200253Ia 4500
003 - CONTROL NUMBER IDENTIFIER
control field Ost
005 - DATE AND TIME OF LATEST TRANSACTION
control field 20260507075251.0
008 - FIXED-LENGTH DATA ELEMENTS--GENERAL INFORMATION
fixed length control field 260507s9999||||xx |||||||||||||| ||und||
020 ## - INTERNATIONAL STANDARD BOOK NUMBER
International Standard Book Number 39001199579
040 ## - CATALOGING SOURCE
Transcribing agency fsecg
041 ## - LANGUAGE CODE
Language code of text/sound track or separate title ara
082 ## - DEWEY DECIMAL CLASSIFICATION NUMBER
Classification number 330
100 ## - MAIN ENTRY--PERSONAL NAME
Personal name المعاني، ايمن عودة
Relator term مؤلف
245 #0 - TITLE STATEMENT
Title الإدارة العامة الحديثة /
Statement of responsibility, etc. ايمن عودة المعاني
260 ## - PUBLICATION, DISTRIBUTION, ETC.
Place of publication, distribution, etc. عمان:
Name of publisher, distributor, etc. دار وائل,
Date of publication, distribution, etc. 2010
300 ## - PHYSICAL DESCRIPTION
Extent 307 صفحة؛
Other physical details إيضاحات ؛
Dimensions 24 سم
504 ## - BIBLIOGRAPHY, ETC. NOTE
Bibliography, etc. note مراجع ص.287 ؛ معجم المصطلحات ص.263
520 ## - SUMMARY, ETC.
Summary, etc. مفاهيم أساسية حول الادارة العامة ، البيروقراطية في الادارة العامة ، التنظيم الاداري للدولة ، نشأة و تطور القطاع العام ، التخاصية ، اعادة هندسة نظم العمل ، التمكين الاداري و ادارة الجودة الشاملة ، ادارة المعرفة ، الحكامانية و الحكومة الالكترونية ، اعادة اختراع الحكومة .
653 ## - INDEX TERM--UNCONTROLLED
Uncontrolled term الادارة العامة
653 ## - INDEX TERM--UNCONTROLLED
Uncontrolled term الإدارة- تكنولوجيا
653 ## - INDEX TERM--UNCONTROLLED
Uncontrolled term التطوير
653 ## - INDEX TERM--UNCONTROLLED
Uncontrolled term التنظيم
942 ## - ADDED ENTRY ELEMENTS (KOHA)
Koha item type كتب
المقتنيات
Withdrawn status Lost status Source of classification or shelving scheme Damaged status Not for loan Home library Current library Date acquired Serial enumeration / chronology Inventory number Total checkouts Full call number Barcode Date last seen Price effective from Koha item type
    Dewey Decimal Classification   NOT LOAN / إعارة داخلية مكتبة كلية العلوم الإقتصادية والعلوم التجارية وعلوم التسيير مكتبة كلية العلوم الإقتصادية والعلوم التجارية وعلوم التسيير 07/05/2026 الطابق الأرضي 17957   أ/3713ن1 17957 07/05/2026 07/05/2026 كتب
    Dewey Decimal Classification   Available مكتبة كلية العلوم الإقتصادية والعلوم التجارية وعلوم التسيير مكتبة كلية العلوم الإقتصادية والعلوم التجارية وعلوم التسيير 07/05/2026 الطابق الثاني 17959   أ/3713ن3 17959 07/05/2026 07/05/2026 كتب
    Dewey Decimal Classification   Available مكتبة كلية العلوم الإقتصادية والعلوم التجارية وعلوم التسيير مكتبة كلية العلوم الإقتصادية والعلوم التجارية وعلوم التسيير 07/05/2026 الطابق الثاني 17960   أ/3713ن4 17960 07/05/2026 07/05/2026 كتب
    Dewey Decimal Classification   Available مكتبة كلية العلوم الإقتصادية والعلوم التجارية وعلوم التسيير مكتبة كلية العلوم الإقتصادية والعلوم التجارية وعلوم التسيير 07/05/2026 مكتبة بن عكنون 17961   أ/3713ن5 17961 07/05/2026 07/05/2026 كتب

موارد الويب المفتوحة


© University of Algiers 3 All Rights Reserved
|
Implemented by LECHELAH Riad